000 00965nam a2200229 a 4500
008 951212s1980||||CS 0 slo c
020 _c17 Kčs.
_q(18000 výtl.)
040 _aSNK
_bslo
_cSNK
_eAACR2
044 _axo
_cSK
080 _a1 100.1(081.2)
100 1 _aLenin, Vladimir Iľjič
245 1 0 _aZobrané spisy 6
_bJanuár-august 1902
_cVladimir Iľjič Lenin ; Vladimír Iľjič Lenin, Miroslav Neman, Oto Takáč
250 _a2., slov. vyd.
260 _aBratislava
_bPravda
_c1980
_eBratislava
_fPravda
300 _a720 s., 33,55 AH
_c21 cm
500 _aLit. 559. Faksim. rkp. na front. Zozn. nenájdených prác V.I.Lenina. Pozn. Reg. lit. prác a men reg. Životopisné údaje. 559 zázn. lit. o knihách, čl., novinách, zbor., listoch a dokumentoch v jaz. slov., čes., rus., nem., angl. a franc.
700 1 _aLenin, Vladimír Iľjič
_4aut
700 1 _aNeman, Miroslav
_4prk
700 1 _aTakáč, Oto
_4gup
041 _aslo
958 _aA
999 _c15425
_d15425